Rozpoznaj centrum handlowe w Polsce po zdjęciu - Statystyki

Ogólne statystyki
  • Ten quiz został rozwiązany 46 razy
  • Średni wynik to 3 z 16
Statystyki odpowiedzi
Obrazkowy Odpowiedź % Poprawnych
Złote Tarasy
98%
Manufaktura
47%
Blue City
28%
Galeria Katowicka
26%
Silesia City Center
16%
Galeria Bronowice
9%
Galeria Północna
7%
Serenada
7%
Zielone Arkady
7%
Westfield Mokotów
5%
Forum Gdańsk
2%
Galaxy
2%
Galeria Dominikańska
2%
Bałtycka
0%
Focus Mall
0%
Riviera
0%
Nie znaleziono quizów pasujących do podanych kryteriów
Rozkład punktacji
Procent ludzi z każdym wynikiem
Percentyl według liczby udzielonych odpowiedzi
Twoja historia wyników
Nie rozwiązałeś tego quizu